Statistiken für Kader Karlsruher SC

Klicken Sie hier um das Quiz zu spielen!

Allgemein

  • Dieses Quiz wurde 29 mal gespielt
  • Das Durchschnittsergebnis liegt bei 16 aus 31

Antwortstatistiken

#Antwort% Korrekt
10Marvin Wanitzek
91%
8Jérôme Gondorf
86%
35Marius Gersbeck
86%
Christian Eichner
82%
3Daniel Gordon
82%
24Fabian Schleusener
77%
2Sebastian Jung
77%
14Mikkel Kaufmann
73%
26Paul Nebel
73%
28Marcel Franke
68%
21Marco Thiede
64%
22Christoph Kobald
59%
6Leon Jensen
59%
11Kyoung-rok Choi
55%
16Philip Heise
55%
1Kai Eisele
50%
17Lucas Cueto
50%
7Simone Rapp
50%
15Stephan Ambrosius
50%
19Budu Zivzivadze
45%
29Max Weiß
45%
9Malik Batmaz
41%
18Daniel Brosinski
36%
38Tim Breithaupt
36%
31Tim Rossmann
36%
5Daniel O'Shaughnessy
23%
20Felix Irorere
18%
27Stefano Marino
14%
4Florian Ballas
9%
39Efe Kaan Sihlaroglu
5%
40Lazar Mirkovic
5%

Verteilung der Resultate

Perzentil nach korrekt beantworteten Fragen

Anzahl Personen mit jedem Resultat

Ihre Resultats-Entwicklung

Sie haben dieses Quiz noch nicht gespielt